[Event "53rd ch-HUN"]
[Site "Heviz HUN"]
[Date "2003.05.12"]
[Round "1"]
[White "Gyimesi,Z"]
[Black "Horvath,Ad"]
[Result "1/2-1/2"]
[WhiteElo "2567"]
[BlackElo "2503"]
[EventDate "2003.05.12"]

1. d4 Nf6 2. c4 e6 3. Nf3 d5 4. Nc3 dxc4 5. e4 Bb4 6. Bg5 c5 7. Bxc4 cxd4
8. Nxd4 Qa5 9. Bb5+ Bd7 10. Bxf6 gxf6 11. Bxd7+ Nxd7 12. Nde2 Ne5 13. O-O
Rg8 14. Kh1 Rd8 15. Qc2 Ke7 16. a3 Bxc3 17. Nxc3 Rd7 18. Rae1 Rc8 19. f4
Nc4 20. e5 f5 21. Qf2 Nxb2 22. Qh4+ Ke8 23. Qxh7 Qxc3 1/2-1/2

[Event "53rd ch-HUN"]
[Site "Heviz HUN"]
[Date "2003.05.13"]
[Round "2"]
[White "Horvath,Ad"]
[Black "Sax,G"]
[Result "0-1"]
[WhiteElo "2503"]
[BlackElo "2511"]
[EventDate "2003.05.12"]

1. e4 c5 2. Nf3 e6 3. d4 cxd4 4. Nxd4 Nf6 5. Nc3 d6 6. Be3 Nc6 7. f3 Be7 8.
Qd2 O-O 9. g4 d5 10. g5 Nxd4 11. Qxd4 Nh5 12. exd5 Bxg5 13. O-O-O exd5 14.
Rg1 Bxe3+ 15. Qxe3 Nf6 16. Ne4 Nxe4 17. fxe4 Qb6 18. Qg5 g6 19. exd5 Re8
20. d6 Be6 21. Bb5 Red8 22. d7 Qa5 23. Rd6 Qxa2 24. Rg3 Qa1+ 25. Kd2 Qa5+
26. Kd1 Qa1+ 27. Kd2 Qxb2 28. Rxe6 fxe6 29. Rc3 Qb4 30. Qe5 Qg4 31. Kc1 Qf5
32. Qe2 Kg7 33. Rf3 Qg5+ 34. Kb1 a6 35. Ba4 b5 36. h4 Qg1+ 37. Ka2 Qc5 38.
Bb3 Rxd7 39. Bxe6 Re7 40. Qe4 Rae8 0-1

[Event "53rd ch-HUN"]
[Site "Heviz HUN"]
[Date "2003.05.13"]
[Round "2"]
[White "Portisch,L"]
[Black "Cao,S"]
[Result "1/2-1/2"]
[WhiteElo "2583"]
[BlackElo "2531"]
[EventDate "2003.05.12"]

1. d4 Nf6 2. c4 e6 3. Nf3 b6 4. e3 Bb7 5. Bd3 d5 6. b3 Bd6 7. O-O O-O 8.
Bb2 Nbd7 9. Nbd2 Ne4 10. Rc1 Qe7 11. Qe2 a6 12. Rfd1 f5 13. Ne5 c5 14. Nxd7
Qxd7 15. cxd5 exd5 16. Nf1 Qe7 17. f3 Ng5 18. Re1 Ne6 19. Qc2 Qf7 20. dxc5
bxc5 21. Ng3 g6 22. Ne2 Rfe8 23. Qc3 Ng7 24. Qd2 Rad8 25. Kh1 Ne6 26. Ng3
f4 27. Nf1 fxe3 28. Nxe3 Qf4 29. Nf1 Qxd2 30. Nxd2 Nf4 31. Bf1 Kf7 32. g3
Nh5 33. f4 Nf6 34. Bg2 Ba8 35. Kg1 Ng4 36. Nf3 Kg8 37. Bh3 h5 38. Ne5 Bxe5
39. fxe5 d4 40. Bxg4 hxg4 41. Rxc5 Bf3 42. e6 d3 43. Rc7 d2 44. Rg7+ Kf8
45. Rf7+ 1/2-1/2

[Event "53rd ch-HUN"]
[Site "Heviz HUN"]
[Date "2003.05.14"]
[Round "3"]
[White "Varga,Zo"]
[Black "Gyimesi,Z"]
[Result "1/2-1/2"]
[WhiteElo "2533"]
[BlackElo "2567"]
[EventDate "2003.05.12"]

1. c4 Nf6 2. Nf3 e6 3. g3 d5 4. Bg2 dxc4 5. Na3 Bxa3 6. bxa3 O-O 7. Qc2 b5
8. Ng5 c6 9. Bb2 Re8 10. O-O h6 11. Bxf6 Qxf6 12. Qh7+ Kf8 13. Ne4 Qg6 14.
Qxg6 fxg6 15. Nd6 Rd8 16. Nxb5 a6 17. Nc3 Rxd2 18. Ne4 Rxe2 19. Nd6 Bd7 20.
Nxc4 Rc2 21. Nb6 Ra7 22. Rfb1 Be8 23. Nc8 Ra8 24. Be4 Rc5 25. Nb6 Ra7 26.
Nc8 Ra8 27. Nd6 Nd7 28. Rb7 Rb8 29. Ra7 Nf6 30. Nxe8 Nxe4 31. Nxg7 Rc2 32.
Nxe6+ Kg8 33. Rg7+ Kh8 34. Rf7 Kg8 35. Rg7+ Kh8 36. Rxg6 Nxf2 37. Rxh6+ Kg8
38. Nd4 Rd2 39. Nb3 Rb2 40. Rxc6 Nh3+ 41. Kh1 Kg7 42. Nd4 Rd2 43. Nf5+ Kf7
44. Rf1 Rbb2 45. Nh6+ Ke7 46. Ng4 a5 47. Rc7+ Kd6 48. Rc8 Ke7 49. Rc7+ Kd6
50. Rc8 Ke7 51. Ra8 Rd4 52. Ra7+ Ke8 53. Rg7 Rdd2 54. Rc1 Kd8 55. Rf1 Ke8
56. Rc1 Kd8 57. Rf1 1/2-1/2

[Event "53rd ch-HUN"]
[Site "Heviz HUN"]
[Date "2003.05.15"]
[Round "4"]
[White "Horvath,Ad"]
[Black "Ruck,R"]
[Result "1/2-1/2"]
[WhiteElo "2503"]
[BlackElo "2569"]
[EventDate "2003.05.12"]

1. e4 c6 2. d4 d5 3. e5 Bf5 4. Be3 e6 5. Nd2 Nd7 6. c3 Ne7 7. f4 Bg6 8. Be2
h5 9. Ngf3 Nf5 10. Bf2 Be7 11. g3 c5 12. O-O a6 13. a4 Rc8 14. a5 Qc7 15.
Qa4 Qc6 16. Qb3 cxd4 17. cxd4 Nh6 18. h3 O-O 19. Ne1 f6 20. Qd1 fxe5 21.
fxe5 Bf5 22. Be3 Bxh3 23. Rxf8+ Nxf8 24. Bxh5 Nh7 25. Bxh6 gxh6 26. g4 Rf8
27. Qb3 Bg5 28. Ndf3 Rf4 29. Nh2 Rxd4 30. Qxh3 Rd2 31. Qc3 Qb5 32. Nef3
Rxb2 33. Qc8+ Kg7 34. Qc7+ Kh8 35. Bg6 Nf8 36. Nxg5 Qe2 37. Nf7+ Kg8 38.
Nxh6+ Kh8 39. Nf7+ Kg8 40. Nh6+ Kh8 41. Nf7+ 1/2-1/2

[Event "53rd ch-HUN"]
[Site "Heviz HUN"]
[Date "2003.05.15"]
[Round "4"]
[White "Portisch,L"]
[Black "Sax,G"]
[Result "1/2-1/2"]
[WhiteElo "2583"]
[BlackElo "2511"]
[EventDate "2003.05.12"]

1. d4 Nf6 2. c4 e6 3. Nf3 b6 4. e3 Bb7 5. Bd3 d5 6. O-O Nbd7 7. cxd5 exd5
8. Nc3 Be7 9. b3 O-O 10. Bb2 Re8 11. Qc2 Bf8 12. Rac1 g6 13. Rfd1 a6 14.
Bf1 Bd6 15. Ne2 Qe7 16. Ne5 Rac8 17. Nxd7 Qxd7 18. Nf4 Bxf4 19. exf4 Ne4
20. Re1 Nd6 21. Re5 f6 22. Rxe8+ Qxe8 23. Bd3 Qd7 24. Re1 Re8 25. Rxe8+
Qxe8 26. h4 Qd7 27. Qe2 a5 28. h5 Kg7 29. hxg6 hxg6 30. Qc2 f5 31. Qe2 Kf7
32. Qe5 Qe8 33. Ba3 Qxe5 34. fxe5 Ne4 35. Bb2 Ng5 36. f3 Ne6 37. Kf2 Bc6
38. g3 Bd7 39. Bc3 Be8 40. Ke3 Bd7 41. f4 Be8 42. Ba6 Nd8 43. Kd2 Bc6 44.
Be2 Ne6 45. Bd3 Bd7 46. Ke3 Nd8 47. Be2 Nc6 48. Bf3 Be6 49. a3 Na7 50. Be1
Nb5 51. a4 Na7 52. b4 axb4 53. Bxb4 Nc6 54. Bc3 Na5 55. Bxa5 bxa5 56. Be2
Bd7 57. Bb5 c6 58. Bd3 Kg7 59. Ba6 Kh6 60. Kf2 1/2-1/2

[Event "53rd ch-HUN"]
[Site "Heviz HUN"]
[Date "2003.05.15"]
[Round "4"]
[White "Acs,P"]
[Black "Berkes,F"]
[Result "0-1"]
[WhiteElo "2600"]
[BlackElo "2578"]
[EventDate "2003.05.12"]

1. e4 c5 2. Nf3 d6 3. d4 cxd4 4. Nxd4 Nf6 5. Nc3 a6 6. Be3 e6 7. Qd2 b5 8.
f3 Bb7 9. g4 Nfd7 10. O-O-O Nb6 11. Kb1 N8d7 12. Qe1 b4 13. Nce2 Be7 14. h4
d5 15. exd5 Nxd5 16. Nf4 Nxe3 17. Qxe3 e5 18. Bc4 exd4 19. Bxf7+ Kxf7 20.
Rxd4 Qc7 21. Qb3+ Ke8 22. Ne6 Qe5 23. Rhd1 Nc5 24. Nxc5 Qxc5 25. Qe6 Rc8
26. Ka1 Qc6 0-1

[Event "53rd ch-HUN"]
[Site "Heviz HUN"]
[Date "2003.05.15"]
[Round "4"]
[White "Gyimesi,Z"]
[Black "Cao,S"]
[Result "1/2-1/2"]
[WhiteElo "2567"]
[BlackElo "2531"]
[EventDate "2003.05.12"]

1. d4 Nf6 2. c4 e6 3. Nf3 b6 4. g3 Ba6 5. b3 Bb7 6. Bg2 Bb4+ 7. Bd2 a5 8.
O-O O-O 9. Qc2 d5 10. a3 Bxd2 11. Nbxd2 Nbd7 12. cxd5 exd5 13. b4 c5 14.
bxc5 bxc5 15. dxc5 Rc8 16. Nb3 Ne4 17. Bh3 Nexc5 18. Nxc5 Rxc5 19. Qb2 Ba6
20. Rfc1 Rc4 21. Rd1 Nf6 22. Rab1 Qe7 23. Nd4 Bc8 24. Bg2 Bd7 25. e3 Rfc8
26. Bf1 R4c7 27. Rdc1 h5 28. Rxc7 Rxc7 29. Qb6 Rc3 30. Qxa5 Rxa3 31. Qb4
Qxb4 32. Rxb4 g6 33. Rb2 Ne4 34. h4 Nf6 35. Kg2 Bg4 36. Bb5 Ra7 37. Bc6 Kg7
38. Rb5 Bd7 39. Rb7 Rxb7 40. Bxb7 Be6 41. Kf3 Ne4 1/2-1/2

[Event "53rd ch-HUN"]
[Site "Heviz HUN"]
[Date "2003.05.16"]
[Round "5"]
[White "Varga,Zo"]
[Black "Horvath,Ad"]
[Result "1/2-1/2"]
[WhiteElo "2533"]
[BlackElo "2503"]
[EventDate "2003.05.12"]

1. d4 Nf6 2. Nf3 e6 3. c4 d5 4. e3 dxc4 5. Bxc4 a6 6. O-O c5 7. dxc5 Qxd1
8. Rxd1 Bxc5 9. Nbd2 O-O 10. Nb3 Be7 11. Nbd4 Bd7 12. Ne5 Be8 13. Be2 Nbd7
14. Nc4 Rc8 15. Bd2 b5 16. Na5 Nb8 17. Bf3 Bd7 18. Bb7 Rc7 19. e4 Bc8 20.
Ba8 e5 21. Ndc6 Nxc6 22. Nxc6 Bg4 23. Ba5 Rxc6 24. Bxc6 Bxd1 25. Rxd1 Rc8
26. Bb7 Rb8 27. Bd5 Nxd5 28. Rxd5 Rc8 29. Kf1 Rc1+ 30. Ke2 1/2-1/2

[Event "53rd ch-HUN"]
[Site "Heviz HUN"]
[Date "2003.05.17"]
[Round "6"]
[White "Gyimesi,Z"]
[Black "Sax,G"]
[Result "1/2-1/2"]
[WhiteElo "2567"]
[BlackElo "2511"]
[EventDate "2003.05.12"]

1. d4 Nf6 2. c4 e6 3. Nf3 b6 4. g3 Ba6 5. b3 Bb4+ 6. Bd2 Be7 7. Bg2 c6 8.
O-O d5 9. Qc2 O-O 10. Rd1 Nbd7 11. Bf4 Rc8 12. Nc3 Nh5 13. Bc1 f5 14. a4
Bb4 15. a5 dxc4 16. Bg5 Nhf6 17. axb6 Qxb6 18. bxc4 Bxc4 19. Na2 Bxa2 20.
Qxa2 c5 21. dxc5 Nxc5 1/2-1/2

[Event "53rd ch-HUN"]
[Site "Heviz HUN"]
[Date "2003.05.17"]
[Round "6"]
[White "Varga,Zo"]
[Black "Cao,S"]
[Result "1/2-1/2"]
[WhiteElo "2533"]
[BlackElo "2531"]
[EventDate "2003.05.12"]

1. e4 c5 2. Nf3 Nc6 3. d4 cxd4 4. Nxd4 Nf6 5. Nc3 e5 6. Ndb5 d6 7. a4 a6 8.
Na3 Be6 9. Nc4 Rc8 10. Bg5 Nd4 11. Ne3 Be7 12. Bd3 h6 13. Bxf6 Bxf6 14.
Ncd5 Bg5 15. O-O O-O 16. c3 Nc6 17. Bc4 Kh8 18. Kh1 Ne7 19. Qd3 Nxd5 20.
Nxd5 f5 21. a5 Qe8 22. exf5 Bxf5 23. Qe2 Qg6 24. f4 exf4 25. Nxf4 Bxf4 26.
Rxf4 Rfe8 27. Qf3 Be4 28. Bf7 Qxf7 29. Rxf7 Bxf3 30. gxf3 Re2 31. Rxb7 Rc4
32. Rg1 Rh4 33. Rgxg7 Rhxh2+ 34. Kg1 Rxb2 35. Rxb2 Rxb2 36. Ra7 Rc2 37.
Rxa6 Rxc3 38. Kf2 Ra3 39. Ra8+ Kh7 40. a6 Ra2+ 41. Kg3 d5 42. a7 Ra3 43.
Kf2 Ra2+ 44. Kg3 Ra3 45. Kg4 d4 46. f4 h5+ 47. Kg5 d3 48. f5 d2 49. Rd8
Rxa7 50. Rxd2 Kg7 51. Rd6 h4 52. Rg6+ Kf7 53. Rh6 Ra5 54. Rh7+ Kg8 55. Rb7
Ra6 1/2-1/2

[Event "53rd ch-HUN"]
[Site "Heviz HUN"]
[Date "2003.05.18"]
[Round "7"]
[White "Berkes,F"]
[Black "Varga,Zo"]
[Result "1/2-1/2"]
[WhiteElo "2578"]
[BlackElo "2533"]
[EventDate "2003.05.12"]

1. e4 c5 2. Nf3 Nc6 3. d4 cxd4 4. Nxd4 Qc7 5. Nc3 e6 6. Be2 Nf6 7. O-O a6
8. Be3 Bb4 9. Na4 Bd6 10. g3 b5 11. Nb6 Rb8 12. Nxc8 Rxc8 13. a4 Nxd4 14.
Bxd4 e5 15. Be3 Bc5 16. Bxc5 Qxc5 17. axb5 axb5 18. Ra5 O-O 19. Bd3 Rb8 20.
c4 Qb4 21. Rxb5 Rxb5 22. cxb5 d5 23. exd5 e4 24. Bc2 Rb8 25. d6 Rd8 26. Qe2
Rxd6 27. Ra1 g6 28. Ra6 Rd2 29. Qe1 Qd4 30. Ra4 Qd6 31. Ra6 Qd4 32. Ra4 Qd6
1/2-1/2

[Event "53rd ch-HUN"]
[Site "Heviz HUN"]
[Date "2003.05.19"]
[Round "8"]
[White "Horvath,Ad"]
[Black "Acs,P"]
[Result "0-1"]
[WhiteElo "2503"]
[BlackElo "2600"]
[EventDate "2003.05.12"]

1. e4 c5 2. Nf3 d6 3. d4 cxd4 4. Nxd4 Nf6 5. Nc3 a6 6. Be3 e5 7. Nb3 Be6 8.
f3 Nbd7 9. g4 b5 10. g5 Nh5 11. a4 bxa4 12. Rxa4 Be7 13. Qd2 Nf4 14. Na5
Qc7 15. Rg1 O-O 16. Bxf4 exf4 17. Nd5 Bxd5 18. exd5 Qb6 19. Qd4 Bd8 20.
Qxb6 Re8+ 21. Kd2 Bxb6 22. Rg4 Be3+ 23. Kd1 Nb6 24. Ra3 Nxd5 25. Rd3 Nb4
26. Rb3 Bc5 27. Bc4 Re5 28. Rxf4 Nd5 29. Bxd5 Rxd5+ 30. Rd3 Rxg5 31. Nb7
Rg1+ 32. Kd2 Rg2+ 33. Kc3 Bg1 34. Nxd6 Bxh2 35. Rc4 Be5+ 36. Kb3 Rb8+ 37.
Rb4 Rxb4+ 38. Kxb4 h5 39. Kb3 h4 40. Nf5 h3 41. f4 h2 42. Ne7+ Kf8 43. Nf5
Ke8 0-1

[Event "53rd ch-HUN"]
[Site "Heviz HUN"]
[Date "2003.05.20"]
[Round "9"]
[White "Berkes,F"]
[Black "Horvath,Ad"]
[Result "1/2-1/2"]
[WhiteElo "2578"]
[BlackElo "2503"]
[EventDate "2003.05.12"]

1. d4 Nf6 2. c4 e6 3. Nc3 Bb4 4. e3 O-O 5. Bd3 d5 6. a3 dxc4 7. Bxc4 Be7 8.
Nf3 c5 9. O-O a6 10. dxc5 Bxc5 11. Qe2 Nc6 12. b4 Bd6 13. Bb2 Ne5 14. Nxe5
Bxe5 15. Rad1 Qe7 16. f4 Bxc3 17. Bxc3 b5 18. Bd3 Bb7 19. e4 Rac8 20. Bd4
Rfd8 21. Bc5 Qe8 22. e5 Nd5 23. Rc1 Ne7 24. Qc2 h6 25. Rfd1 Ng6 26. Qf2 Qc6
27. Rc2 Qe4 28. Rcd2 Rxd3 29. Rxd3 Nxf4 30. Re3 Qf5 31. Rg3 Qxe5 32. Re1
Qf5 33. Qd4 Nh5 34. Rc3 Qg5 35. g3 Rd8 36. Bd6 Qd5 37. Qxd5 Bxd5 38. Be7
Rd7 39. Rc8+ Kh7 40. Rd8 Rc7 41. Kf2 Kg6 42. Rd6 Kf5 43. Bd8 Rc8 44. Rd7
Kg6 45. Rd6 Kf5 46. Rd7 Kg6 47. Rd6 1/2-1/2

[Event "53rd ch-HUN"]
[Site "Heviz HUN"]
[Date "2003.05.20"]
[Round "9"]
[White "Sax,G"]
[Black "Cao,S"]
[Result "1/2-1/2"]
[WhiteElo "2511"]
[BlackElo "2531"]
[EventDate "2003.05.12"]

1. e4 e6 2. d4 d5 3. Nc3 Bb4 4. e5 c5 5. a3 Bxc3+ 6. bxc3 Qa5 7. Bd2 Qa4 8.
Qb1 c4 9. Qd1 Nc6 10. Qg4 g6 11. Qd1 Bd7 12. h4 h6 13. h5 g5 14. f4 f6 15.
Nf3 O-O-O 16. Be2 Rf8 17. O-O Be8 18. exf6 Nxf6 19. Ne5 Nxe5 20. dxe5 Ne4
21. Bg4 Qc6 22. Qe1 gxf4 23. Bxf4 Rfg8 24. Bf3 Ng5 25. Bg4 d4 26. cxd4 Bxh5
27. d5 Qxd5 28. Rd1 Qc6 29. Rd6 Qc5+ 30. Be3 Qxe5 31. Rd4 Bxg4 32. Rxc4+
Kd7 33. Qd2+ Qd5 34. Rxg4 Qxd2 35. Bxd2 Rc8 36. Bxg5 hxg5 37. Rf7+ Kd6 38.
Rxb7 Rxc2 39. Rxa7 Rc1+ 40. Kf2 Rf8+ 41. Kg3 Rc3+ 1/2-1/2

[Event "53rd ch-HUN"]
[Site "Heviz HUN"]
[Date "2003.05.20"]
[Round "9"]
[White "Acs,P"]
[Black "Gyimesi,Z"]
[Result "1-0"]
[WhiteElo "2600"]
[BlackElo "2567"]
[EventDate "2003.05.12"]

1. e4 c6 2. d4 d5 3. Nd2 dxe4 4. Nxe4 Bf5 5. Ng3 Bg6 6. h4 h6 7. Nf3 Nd7 8.
h5 Bh7 9. Bd3 Bxd3 10. Qxd3 e6 11. Bf4 Qa5+ 12. Bd2 Bb4 13. c3 Be7 14. c4
Bb4 15. Ne4 Ngf6 16. Nd6+ Ke7 17. c5 b6 18. O-O bxc5 19. Ne5 Nxe5 20. dxe5
Nd5 21. Nc4 Qa6 22. Be3 Rad8 23. Qe4 Rd7 24. Qh4+ Kf8 25. a3 Ba5 26. Bxc5+
Kg8 27. Rad1 Bb6 28. Bxb6 axb6 29. Rd3 Qc8 30. Qe4 Qd8 31. Rg3 b5 32. Ne3
Nxe3 33. fxe3 Rd1 34. Rgf3 Rxf1+ 35. Rxf1 Qg5 36. Rd1 c5 37. Rd7 Qf5 38.
Qxf5 exf5 39. Kf2 b4 40. Rd8+ Kh7 41. Rxh8+ Kxh8 42. a4 1-0